00689nab a2200193uuc4500001000800000005001700008008004100025035001200066040001300078041000800091100003300099245003200132650002400164650003500188650005800223650003300281700003500314773014600349143005820240202122806.0151216e20151101 spa  a1430058 ccomduadb aspa10aPsaltis, Dimitrios4auteaut13aLa prueba del agujero negro 7aAstrofísica2lemb aAgujeros negros (Astronomía) aEinstein, Albert, 1879-1955. Teoria de la relatividad 7aRelatividad (Física)2lemb10aDoeleman, Sheperd S.4auteaut0 tInvestigación y Ciencia. Edición Española de Scientific American (Barcelona)gNúmero 470, Noviembre 2015, 60-65w5406z0210136X03445